Statistics for Countries That Touch the Mediterranean Sea

Click here to take the quiz!

General Stats

  • This quiz has been taken 213 times
  • The average score is 19 of 22

Answer Stats

HintAnswer% Correct
NItaly
97%
Northern shore (N)Spain
96%
NGreece
95%
Southern shore (S)Egypt
93%
NFrance
92%
IslandCyprus
89%
SMorocco
89%
STunisia
89%
NTurkey
89%
SAlgeria
88%
EIsrael
88%
SLibya
88%
IslandMalta
88%
ELebanon
85%
NCroatia
83%
Eastern shore (E)Syria
83%
NAlbania
79%
NMonaco
77%
NSlovenia
75%
NMontenegro
73%
NBosnia and Herzegovina
72%
(limited recognition)Palestine
56%

Score Distribution

Percentile by Number Answered

Percent of People with Each Score

Your Score History

You have not taken this quiz